[Event "Madrid-chT 2425"]
[Site "Madrid"]
[Date "2025.01.18"]
[Round "6.6"]
[White "Serrano Ruiz, Miguel"]
[Black "Lazaro Azcutia, Miguel"]
[Result "0-1"]
[WhiteElo "2059"]
[BlackElo "2176"]
[PlyCount "56"]
[GameId "2136621536452742"]
[EventDate "2024.11.24"]
[EventType "team-tourn"]
[EventRounds "14"]
[EventCountry "ESP"]
[SourceVersionDate "2011.03.15"]
[WhiteTeam "Jaque Mate"]
[BlackTeam "Tajamar"]
[WhiteTeamCountry "ESP"]
[BlackTeamCountry "ESP"]

1. e4 e5 2. Nf3 Nc6 3. Bc4 Bc5 4. c3 Nf6 5. d4 exd4 6. e5 d5 7. Bb5 Ne4 8. cxd4 Bb6 9. Nc3 O-O 10. Be3 Bg4 11. h3 Bh5 12. Qc2 Ba5 13. a3 f6 14. b4 Nxb4 15. axb4 Bxb4 16. Bd2 Bxf3 17. gxf3 Nxd2 18. Qxd2 fxe5 19. Rb1 a5 20. dxe5 d4 21. Rxb4 axb4 22. Nd1 Qd5 23. Qe2 Qxf3 24. Qxf3 Rxf3 25. Kd2 Kf8 26. Re1 c6 27. Be2 Ra2+ 28. Kc1 d3 0-1

[Event "Madrid-chT 2425"]
[Site "Madrid"]
[Date "2025.01.19"]
[Round "6.1"]
[White "Vazquez Igarza, Renier"]
[Black "Plazuelo Pascual, Juan"]
[Result "1/2-1/2"]
[WhiteElo "2490"]
[BlackElo "2435"]
[PlyCount "32"]
[GameId "2136624580023620"]
[EventDate "2024.11.24"]
[EventType "team-tourn"]
[EventRounds "14"]
[EventCountry "ESP"]
[SourceVersionDate "2011.03.15"]
[WhiteTeam "Collado Villalba"]
[BlackTeam "Alcorcon Diagonal"]
[WhiteTeamCountry "ESP"]
[BlackTeamCountry "ESP"]

1. d4 Nf6 2. c4 e6 3. Nf3 d5 4. Nc3 Be7 5. Bf4 O-O 6. e3 c5 7. dxc5 Bxc5 8. cxd5 Nxd5 9. Nxd5 exd5 10. a3 Nc6 11. Bd3 Bd6 12. Bxd6 Qxd6 13. O-O Qf6 14. Qd2 Bg4 15. Nd4 Nxd4 16. exd4 Bf5 1/2-1/2

[Event "Madrid-chT 2425"]
[Site "Madrid"]
[Date "2025.01.19"]
[Round "6.2"]
[White "Horcajuelo Rocamora, Martin"]
[Black "Pulvett Marin, Daniel Eduardo"]
[Result "1/2-1/2"]
[WhiteElo "2370"]
[BlackElo "2470"]
[PlyCount "22"]
[GameId "2136625227875659"]
[EventDate "2024.11.24"]
[EventType "team-tourn"]
[EventRounds "14"]
[EventCountry "ESP"]
[SourceVersionDate "2011.03.15"]
[WhiteTeam "Alcorcon Diagonal"]
[BlackTeam "Collado Villalba"]
[WhiteTeamCountry "ESP"]
[BlackTeamCountry "ESP"]

1. d4 Nf6 2. c4 e6 3. Nf3 Bb4+ 4. Bd2 Qe7 5. g3 Bxd2+ 6. Qxd2 Nc6 7. e3 d5 8. Bg2 dxc4 9. O-O e5 10. dxe5 Nxe5 11. Nxe5 Qxe5 1/2-1/2

[Event "Madrid-chT 2425"]
[Site "Madrid"]
[Date "2025.01.19"]
[Round "6.3"]
[White "Suarez Uriel, Adrian"]
[Black "Ortega Ruiz, Jose Miguel"]
[Result "1-0"]
[WhiteElo "2401"]
[BlackElo "2354"]
[PlyCount "63"]
[GameId "2136625923507538"]
[EventDate "2024.11.24"]
[EventType "team-tourn"]
[EventRounds "14"]
[EventCountry "ESP"]
[SourceVersionDate "2011.03.15"]
[WhiteTeam "Collado Villalba"]
[BlackTeam "Alcorcon Diagonal"]
[WhiteTeamCountry "ESP"]
[BlackTeamCountry "ESP"]

1. e4 e5 2. Nf3 Nc6 3. Bb5 a6 4. Ba4 Nf6 5. O-O Be7 6. Re1 b5 7. Bb3 O-O 8. h3 d6 9. c3 Na5 10. Bc2 c5 11. d4 Qc7 12. d5 c4 13. b4 cxb3 14. axb3 Bd7 15. Bd3 Rfc8 16. Bd2 Bd8 17. Na3 Qa7 18. Be3 Bb6 19. b4 Nc4 20. Bxc4 bxc4 21. Nd2 Bxe3 22. Rxe3 Ne8 23. Naxc4 f5 24. exf5 Bxf5 25. Na5 Nf6 26. Nc6 Qf7 27. Nb3 Rxc6 28. dxc6 Nd5 29. Rf3 e4 30. Rg3 e3 31. Qf3 Nxc3 32. Qxe3 1-0

[Event "Madrid-chT 2425"]
[Site "Madrid"]
[Date "2025.01.19"]
[Round "6.4"]
[White "Neagu, Roberto Florin"]
[Black "Ruiz Buendia, Miguel"]
[Result "0-1"]
[WhiteElo "2209"]
[BlackElo "2373"]
[PlyCount "120"]
[GameId "2136629093079060"]
[EventDate "2024.11.24"]
[EventType "team-tourn"]
[EventRounds "14"]
[EventCountry "ESP"]
[SourceVersionDate "2011.03.15"]
[WhiteTeam "Alcorcon Diagonal"]
[BlackTeam "Collado Villalba"]
[WhiteTeamCountry "ESP"]
[BlackTeamCountry "ESP"]

1. e4 e5 2. Nf3 Nc6 3. Bb5 a6 4. Ba4 Nf6 5. O-O Be7 6. Re1 b5 7. Bb3 O-O 8. a4 Bb7 9. d3 d6 10. c3 Na5 11. Bc2 c5 12. d4 exd4 13. cxd4 b4 14. b3 d5 15. e5 Ne4 16. Nfd2 Rc8 17. Nxe4 dxe4 18. Bxe4 Bxe4 19. Rxe4 Qd5 20. Nd2 f5 21. Re3 Qxd4 22. Rb1 c4 23. bxc4 Nxc4 24. Qb3 Rfd8 25. Kf1 Rd5 26. Nxc4 Qxc4+ 27. Qxc4 Rxc4 28. Re2 Rd1+ 29. Re1 Rxe1+ 30. Kxe1 Re4+ 31. Kd1 Rxe5 32. Bb2 Rd5+ 33. Kc2 Kf7 34. Re1 g6 35. Re2 Bf6 36. Bxf6 Kxf6 37. Kb3 a5 38. f4 Rc5 39. Re3 h6 40. Rh3 h5 41. Rd3 Ke6 42. Rg3 Kd5 43. Rxg6 Rc3+ 44. Kb2 Ra3 45. Rf6 Ke4 46. g3 Rxa4 47. Re6+ Kf3 48. Rf6 Kg4 49. Rg6+ Kf3 50. Rf6 h4 51. Rxf5 h3 52. Rh5 Kg2 53. g4 b3 54. Rf5 Kxh2 55. g5 Kg3 56. g6 h2 57. g7 h1=Q 58. g8=Q+ Kf2 59. Kxb3 Rb4+ 60. Ka3 Qc1+ 0-1

[Event "Madrid-chT 2425"]
[Site "Madrid"]
[Date "2025.01.19"]
[Round "6.5"]
[White "Zhou Li, Lulu"]
[Black "Lozano Ramirez, Nestor Favian"]
[Result "0-1"]
[WhiteElo "2167"]
[BlackElo "2214"]
[PlyCount "110"]
[GameId "2136634640504865"]
[EventDate "2024.11.24"]
[EventType "team-tourn"]
[EventRounds "14"]
[EventCountry "ESP"]
[SourceVersionDate "2011.03.15"]
[WhiteTeam "Collado Villalba"]
[BlackTeam "Alcorcon Diagonal"]
[WhiteTeamCountry "ESP"]
[BlackTeamCountry "ESP"]

1. e4 g6 2. d4 Bg7 3. Nf3 d6 4. Bc4 Nc6 5. c3 Nf6 6. Qe2 e5 7. dxe5 Nxe5 8. Nxe5 dxe5 9. O-O O-O 10. Nd2 a5 11. a4 Nh5 12. Nf3 h6 13. h3 Qf6 14. Nh2 Nf4 15. Qf3 h5 16. Re1 Be6 17. Bf1 Rfd8 18. Qg3 Rd7 19. Nf3 Bh6 20. Be3 Bb3 21. h4 Rad8 22. Ng5 Nd3 23. Re2 c5 24. Nxf7 Bf4 25. Bxf4 exf4 26. Nh6+ Kh7 27. Qg5 Qxg5 28. hxg5 Ne5 29. f3 Rd1 30. Re1 Rxa1 31. Rxa1 Rd2 32. Rb1 c4 33. Re1 Kg7 34. Re2 Rd1 35. Kf2 Nd3+ 36. Kg1 Nc1 37. Rf2 Bxa4 38. e5 Re1 39. Rd2 Nd3 40. Re2 Rxe2 41. Bxe2 Nxe5 42. g3 fxg3 43. f4 Nd3 44. f5 gxf5 45. Nxf5+ Kg6 46. Nxg3 Kxg5 47. b4 axb4 48. cxb4 h4 49. Ne4+ Kf4 50. Nc3 Bc6 51. b5 Bf3 52. Bxf3 Kxf3 53. b6 Nc5 54. Nb5 Ke3 55. Kh2 Kd3 0-1

[Event "Madrid-chT 2425"]
[Site "Madrid"]
[Date "2025.01.19"]
[Round "6.6"]
[White "Castejon Caballero, Andres"]
[Black "Centeno Mendoza, Julio Stefano"]
[Result "1/2-1/2"]
[WhiteElo "1999"]
[BlackElo "2156"]
[PlyCount "106"]
[GameId "2136636278167592"]
[EventDate "2024.11.24"]
[EventType "team-tourn"]
[EventRounds "14"]
[EventCountry "ESP"]
[SourceVersionDate "2011.03.15"]
[WhiteTeam "Alcorcon Diagonal"]
[BlackTeam "Collado Villalba"]
[WhiteTeamCountry "ESP"]
[BlackTeamCountry "ESP"]

1. e4 e5 2. Nf3 Nc6 3. Bb5 a6 4. Ba4 Nf6 5. d3 b5 6. Bb3 Be7 7. c3 d6 8. h3 Na5 9. Bc2 c5 10. O-O O-O 11. d4 Nc6 12. d5 Na5 13. Nh2 Ne8 14. f4 exf4 15. Bxf4 f5 16. Nd2 Nf6 17. exf5 Nxd5 18. Ne4 Nxf4 19. Rxf4 Kh8 20. f6 gxf6 21. Qh5 f5 22. Ng3 Bg5 23. Bxf5 Bxf5 24. Rxf5 Rxf5 25. Nxf5 Qf6 26. Rf1 Nc4 27. h4 Bd2 28. Ng4 Qg6 29. Qxg6 hxg6 30. Ne7 Kg7 31. h5 gxh5 32. Nf6 Bg5 33. Ned5 Kg6 34. Ne7+ Kg7 35. Ned5 Bxf6 36. Rxf6 Nxb2 37. Rxd6 Ra7 38. Nf4 Na4 39. Nxh5+ Kf7 40. g4 Nxc3 41. g5 Ke7 42. Rh6 Ra8 43. g6 Rg8 44. g7 Nxa2 45. Rxa6 Nc3 46. Kf2 Ne4+ 47. Ke3 Nd6 48. Kf4 Ke6 49. Kg5 Ke5 50. Kg6 Nf5 51. Kf7 Nxg7 52. Kxg8 Nxh5 53. Ra5 Nf6+ 1/2-1/2

[Event "Madrid-chT 2425"]
[Site "Madrid"]
[Date "2025.01.19"]
[Round "6.1"]
[White "Candela Perez, Jose"]
[Black "Quispe Arteaga, Gabriel"]
[Result "1/2-1/2"]
[WhiteElo "2300"]
[BlackElo "2408"]
[PlyCount "27"]
[GameId "2136639632051155"]
[EventDate "2024.11.24"]
[EventType "team-tourn"]
[EventRounds "14"]
[EventCountry "ESP"]
[SourceVersionDate "2011.03.15"]
[WhiteTeam "Alcala de Henares"]
[BlackTeam "Villalba 64"]
[WhiteTeamCountry "ESP"]
[BlackTeamCountry "ESP"]

1. d4 Nf6 2. c4 e6 3. Nf3 b6 4. a3 Bb7 5. Nc3 d5 6. cxd5 exd5 7. g3 Be7 8. Bg2 O-O 9. O-O Nbd7 10. Bf4 Nh5 11. Bd2 Nhf6 12. Bf4 Nh5 13. Bd2 Nhf6 14. Bf4 1/2-1/2

[Event "Madrid-chT 2425"]
[Site "Madrid"]
[Date "2025.01.19"]
[Round "6.2"]
[White "Ubilava, Elizbar"]
[Black "Moreno Ibanez, Miguel"]
[Result "1-0"]
[WhiteElo "2399"]
[BlackElo "2157"]
[PlyCount "103"]
[GameId "2136644164152924"]
[EventDate "2024.11.24"]
[EventType "team-tourn"]
[EventRounds "14"]
[EventCountry "ESP"]
[SourceVersionDate "2011.03.15"]
[WhiteTeam "Villalba 64"]
[BlackTeam "Alcala de Henares"]
[WhiteTeamCountry "ESP"]
[BlackTeamCountry "ESP"]

1. c4 e5 2. Nc3 Nc6 3. g3 g6 4. Bg2 Bg7 5. Rb1 d6 6. b4 f5 7. b5 Nce7 8. e3 Nf6 9. Nge2 O-O 10. a4 Rb8 11. d4 e4 12. h4 Be6 13. Qb3 c5 14. dxc5 dxc5 15. Nf4 Bf7 16. Bb2 Ng4 17. Bf1 Ne5 18. Be2 h6 19. Ncd5 Nxd5 20. Nxd5 Bxd5 21. cxd5 Qa5+ 22. Kf1 c4 23. Bxc4 Nxc4 24. Qxc4 Rbc8 25. Qb3 Qd2 26. d6+ Kh7 27. Bxg7 Rc2 28. Qxc2 Qxc2 29. Bxf8 Qxb1+ 30. Kg2 Qc2 31. Be7 Qd2 32. Rc1 Kg7 33. Rc4 Qd1 34. Rd4 Qf3+ 35. Kg1 f4 36. gxf4 Qg4+ 37. Kf1 Qh3+ 38. Ke1 Qd7 39. Rxe4 Kf7 40. Rc4 Qf5 41. Rd4 Qd7 42. e4 a6 43. Rd5 axb5 44. axb5 b6 45. f5 gxf5 46. Rxf5+ Ke6 47. Rd5 Qc8 48. d7 Qc1+ 49. Rd1 Qc3+ 50. Kf1 Qh3+ 51. Ke2 Qg4+ 52. f3 1-0

[Event "Madrid-chT 2425"]
[Site "Madrid"]
[Date "2025.01.19"]
[Round "6.3"]
[White "Palenciano Escolar, Adrian"]
[Black "Garrido Dominguez, Jesus"]
[Result "0-1"]
[WhiteElo "2133"]
[BlackElo "2392"]
[PlyCount "22"]
[GameId "2136646259527325"]
[EventDate "2024.11.24"]
[EventType "team-tourn"]
[EventRounds "14"]
[EventCountry "ESP"]
[SourceVersionDate "2011.03.15"]
[WhiteTeam "Alcala de Henares"]
[BlackTeam "Villalba 64"]
[WhiteTeamCountry "ESP"]
[BlackTeamCountry "ESP"]

1. d4 Nf6 2. Bg5 d6 3. e3 Nbd7 4. c4 c6 5. Nf3 Ne4 6. Bf4 g5 7. Bg3 h5 8. Bd3 Qa5+ 9. Ke2 Ndf6 10. h3 Nxg3+ 11. fxg3 g4 0-1

[Event "Madrid-chT 2425"]
[Site "Madrid"]
[Date "2025.01.19"]
[Round "6.4"]
[White "Martinez Conde Hernandez, Carlos"]
[Black "Gomez Gonzalez, Javier"]
[Result "1-0"]
[WhiteElo "2247"]
[BlackElo "2099"]
[PlyCount "143"]
[GameId "2154865535198047"]
[EventDate "2024.11.24"]
[EventType "team-tourn"]
[EventRounds "14"]
[EventCountry "ESP"]
[SourceVersionDate "2011.03.15"]
[WhiteTeam "Villalba 64"]
[BlackTeam "Alcala de Henares"]
[WhiteTeamCountry "ESP"]
[BlackTeamCountry "ESP"]

1. e4 c5 2. Nf3 d6 3. d4 cxd4 4. Nxd4 Nf6 5. Nc3 a6 6. Bg5 e6 7. f4 Be7 8. Qe2 Nc6 9. O-O-O Qc7 10. g3 Bd7 11. f5 e5 12. Nb3 b5 13. Bxf6 Bxf6 14. Nd5 Qd8 15. Kb1 a5 16. Nxf6+ Qxf6 17. Qd2 Nd4 18. Nxd4 exd4 19. Qxd4 Qxd4 20. Rxd4 Ke7 21. Be2 Bc6 22. Rhd1 Rhd8 23. c4 b4 24. h4 a4 25. g4 h6 26. g5 hxg5 27. hxg5 Ra5 28. Kc1 Re5 29. Bf3 Rd7 30. Kd2 g6 31. f6+ Kd8 32. Rg1 Kc7 33. Ke3 Rd8 34. Kf4 Rh8 35. Rh1 Rxh1 36. Bxh1 Re8 37. Bf3 Rh8 38. Rd2 Bd7 39. b3 Rh4+ 40. Kg3 Rh3+ 41. Kg2 Rh8 42. bxa4 Bxa4 43. Rb2 Rb8 44. Bg4 Kc6 45. Rd2 b3 46. axb3 Bxb3 47. Be2 Ba4 48. Kf3 Kc7 49. Ke3 Bc6 50. Bd3 Rh8 51. Ra2 Rh3+ 52. Kd4 Rg3 53. Ra7+ Bb7 54. Ra5 Rg4 55. Bc2 Bc6 56. Bd3 Kb6 57. Ra2 Rxg5 58. Rh2 Re5 59. Rh7 Be8 60. Rh8 Kc7 61. Rf8 Re6 62. c5 dxc5+ 63. Kxc5 Re5+ 64. Kd4 Kd6 65. Bc4 g5 66. Bxf7 Bxf7 67. Rxf7 Re8 68. Rg7 Ke6 69. e5 Ra8 70. Re7+ Kf5 71. f7 Kg6 72. e6 1-0

[Event "Madrid-chT 2425"]
[Site "Madrid"]
[Date "2025.01.19"]
[Round "6.5"]
[White "Nunez Miranda, Adrian"]
[Black "Pascual Palomo, Lucia"]
[Result "1-0"]
[WhiteElo "2109"]
[BlackElo "2117"]
[PlyCount "139"]
[GameId "2154865535198048"]
[EventDate "2024.11.24"]
[EventType "team-tourn"]
[EventRounds "14"]
[EventCountry "ESP"]
[SourceVersionDate "2011.03.15"]
[WhiteTeam "Alcala de Henares"]
[BlackTeam "Villalba 64"]
[WhiteTeamCountry "ESP"]
[BlackTeamCountry "ESP"]

1. d4 e6 2. Nf3 Nf6 3. Bf4 b6 4. e3 Bb7 5. Bd3 Bd6 6. Ne5 Qe7 7. Nd2 Nc6 8. Ndc4 Bxe5 9. dxe5 Nd5 10. Bg3 h5 11. h4 O-O-O 12. c3 g5 13. Qe2 f5 14. exf6 Qxf6 15. O-O-O b5 16. Nd2 Nxc3 17. bxc3 Qxc3+ 18. Kb1 e5 19. Ne4 Qa5 20. Rc1 Rde8 21. Nc5 Ba8 22. Bxb5 Nb8 23. Rhd1 gxh4 24. Ba6+ Nxa6 25. Qxa6+ Qxa6 26. Nxa6 Bc6 27. Bxh4 Rhg8 28. Nc5 Rg4 29. g3 Rf8 30. Rd2 Rf7 31. Kb2 Bb5 32. f4 exf4 33. exf4 Rg8 34. Ne4 Bc6 35. Nf6 Rg6 36. Nxh5 Bf3 37. Rc5 Rb6+ 38. Kc3 d6 39. Ra5 Rc6+ 40. Kd3 d5 41. Nf6 Rcxf6 42. Bxf6 Rxf6 43. Ke3 Bh1 44. Rxa7 Rg6 45. Kf2 Be4 46. Ra8+ Kb7 47. Rd8 c6 48. Rb2+ Kc7 49. Re8 Rh6 50. Ke3 Bf5 51. Rg8 Rh3 52. Rg5 Be4 53. f5 Kd6 54. f6 Rh7 55. Rg7 Rh8 56. f7 Rf8 57. Rf2 Ke6 58. Kd4 Kd6 59. Rg8 c5+ 60. Ke3 Ke7 61. Rxf8 Kxf8 62. Rf6 Bb1 63. a4 d4+ 64. Kd2 c4 65. a5 c3+ 66. Kc1 Be4 67. Rf4 Bg6 68. Rxd4 Kxf7 69. a6 Bh5 70. a7 1-0

[Event "Madrid-chT 2425"]
[Site "Madrid"]
[Date "2025.01.19"]
[Round "6.6"]
[White "Perez Gutierrez, Jose Antonio"]
[Black "Candela Martin, Alvaro"]
[Result "0-1"]
[WhiteElo "1734"]
[BlackElo "1994"]
[PlyCount "122"]
[GameId "2136971963801666"]
[EventDate "2024.11.24"]
[EventType "team-tourn"]
[EventRounds "14"]
[EventCountry "ESP"]
[SourceVersionDate "2011.03.15"]
[WhiteTeam "Villalba 64"]
[BlackTeam "Alcala de Henares"]
[WhiteTeamCountry "ESP"]
[BlackTeamCountry "ESP"]

1. c4 e6 2. g3 d5 3. Bg2 Nf6 4. b3 Be7 5. Bb2 b6 6. cxd5 exd5 7. Nf3 O-O 8. O-O Bb7 9. d4 Re8 10. Nc3 c5 11. e3 Nc6 12. Rc1 Rc8 13. Ne2 Ba6 14. a3 c4 15. Re1 Na5 16. b4 Nb3 17. Rc3 Ne4 18. Rc2 Bb5 19. Nc3 Nxc3 20. Rxc3 Bf6 21. Nd2 Ba4 22. Nxb3 cxb3 23. Qc1 Qd7 24. Qd2 Rxc3 25. Bxc3 Bb5 26. Bb2 Bc4 27. Rc1 b5 28. Bf3 h6 29. Rc3 Qf5 30. Bd1 Qb1 31. Qc1 Qxc1 32. Rxc1 Be7 33. Rc3 a5 34. bxa5 b4 35. axb4 Bxb4 36. Rc1 Ra8 37. Ra1 Rxa5 38. Rxa5 Bxa5 39. Kg2 Kf8 40. Kf3 Ke8 41. h4 Bb4 42. Kg2 Kd7 43. Bg4+ Kc6 44. Bh5 g6 45. Bf3 Bd3 46. Bd1 Bc2 47. Be2 Kb6 48. g4 Ka5 49. g5 h5 50. Bf3 Be4 51. Bxe4 dxe4 52. Kg3 Bd6+ 53. f4 Kb4 54. Kf2 Kc4 55. Ke2 Bb4 56. Kd1 Kd3 57. Bc1 Bc3 58. d5 b2 59. Bxb2 Bxb2 60. d6 Ba3 61. d7 Be7 0-1

[Event "Madrid-chT 2425"]
[Site "Madrid"]
[Date "2025.01.25"]
[Round "7.1"]
[White "Quispe Arteaga, Gabriel"]
[Black "Vazquez Igarza, Renier"]
[Result "1/2-1/2"]
[WhiteElo "2408"]
[BlackElo "2490"]
[PlyCount "40"]
[GameId "2154865535198049"]
[EventDate "2024.11.24"]
[EventType "team-tourn"]
[EventRounds "14"]
[EventCountry "ESP"]
[SourceVersionDate "2011.03.15"]
[WhiteTeam "Villalba 64"]
[BlackTeam "Collado Villalba"]
[WhiteTeamCountry "ESP"]
[BlackTeamCountry "ESP"]

1. d4 Nf6 2. c4 e6 3. Nc3 Bb4 4. e3 O-O 5. Bd3 d5 6. Nf3 c5 7. cxd5 exd5 8. dxc5 Nc6 9. O-O Bxc5 10. h3 a6 11. b3 d4 12. exd4 Nxd4 13. Bb2 Bf5 14. Nxd4 Bxd3 15. Qxd3 Bxd4 16. Rad1 Be5 17. Qf5 Qb8 18. f4 Bxc3 19. Bxc3 Qc8 20. Qxc8 Raxc8 1/2-1/2

[Event "Madrid-chT 2425"]
[Site "Madrid"]
[Date "2025.01.25"]
[Round "7.2"]
[White "Almeida Quintana, Omar"]
[Black "Ubilava, Elizbar"]
[Result "1-0"]
[WhiteElo "2482"]
[BlackElo "2399"]
[PlyCount "53"]
[GameId "2138087682368214"]
[EventDate "2024.11.24"]
[EventType "team-tourn"]
[EventRounds "14"]
[EventCountry "ESP"]
[SourceVersionDate "2011.03.15"]
[WhiteTeam "Collado Villalba"]
[BlackTeam "Villalba 64"]
[WhiteTeamCountry "ESP"]
[BlackTeamCountry "ESP"]

1. d4 Nf6 2. c4 e6 3. Nf3 b6 4. a3 Bb7 5. Nc3 d5 6. cxd5 Nxd5 7. Bd2 Nd7 8. Nxd5 Bxd5 9. Qc2 Be7 10. e4 Bb7 11. Bc3 O-O 12. O-O-O c6 13. h4 a5 14. Kb1 Re8 15. Rh3 b5 16. d5 cxd5 17. Bxb5 Rc8 18. Ng5 Nf8 19. Qa4 Ra8 20. exd5 Bxd5 21. Rhd3 Bc5 22. Nxf7 Kxf7 23. Qg4 Ng6 24. h5 Rh8 25. Rxd5 exd5 26. Qf5+ Kg8 27. Rxd5 1-0

[Event "Madrid-chT 2425"]
[Site "Madrid"]
[Date "2025.01.25"]
[Round "7.3"]
[White "Garrido Dominguez, Jesus"]
[Black "Pulvett Marin, Daniel Eduardo"]
[Result "1/2-1/2"]
[WhiteElo "2392"]
[BlackElo "2470"]
[PlyCount "28"]
[GameId "2138106555905240"]
[EventDate "2024.11.24"]
[EventType "team-tourn"]
[EventRounds "14"]
[EventCountry "ESP"]
[SourceVersionDate "2011.03.15"]
[WhiteTeam "Villalba 64"]
[BlackTeam "Collado Villalba"]
[WhiteTeamCountry "ESP"]
[BlackTeamCountry "ESP"]

1. e4 c5 2. Nf3 e6 3. d4 cxd4 4. Nxd4 Nc6 5. g3 Nf6 6. Bg2 a6 7. O-O Qc7 8. c3 Be7 9. Re1 d6 10. Nd2 e5 11. Nf5 Bxf5 12. exf5 d5 13. Nf1 Qd7 14. Bg5 Rd8 1/2-1/2

[Event "Madrid-chT 2425"]
[Site "Madrid"]
[Date "2025.01.25"]
[Round "7.4"]
[White "Suarez Uriel, Adrian"]
[Black "Lopez del Alamo, Antonio"]
[Result "0-1"]
[WhiteElo "2401"]
[BlackElo "2131"]
[PlyCount "50"]
[GameId "2138108036933005"]
[EventDate "2024.11.24"]
[EventType "team-tourn"]
[EventRounds "14"]
[EventCountry "ESP"]
[SourceVersionDate "2011.03.15"]
[WhiteTeam "Collado Villalba"]
[BlackTeam "Villalba 64"]
[WhiteTeamCountry "ESP"]
[BlackTeamCountry "ESP"]

1. e4 c5 2. Nf3 Nc6 3. d4 cxd4 4. Nxd4 Nf6 5. Nc3 e6 6. Bf4 d6 7. Ndb5 e5 8. Bg5 a6 9. Na3 b5 10. Bxf6 gxf6 11. Nd5 Bg7 12. Bd3 Ne7 13. Nxe7 Qxe7 14. O-O O-O 15. Qh5 f5 16. c4 d5 17. cxd5 Qd8 18. f3 f4 19. Nc2 Rb8 20. Nb4 Bd7 21. Rfd1 Rb6 22. Nc6 Bxc6 23. dxc6 Rxc6 24. a3 Qd4+ 25. Kh1 Rh6 0-1

[Event "Madrid-chT 2425"]
[Site "Madrid"]
[Date "2025.01.25"]
[Round "7.5"]
[White "Pascual Palomo, Lucia"]
[Black "Ruiz Buendia, Miguel"]
[Result "0-1"]
[WhiteElo "2117"]
[BlackElo "2373"]
[PlyCount "88"]
[GameId "2138240739738296"]
[EventDate "2024.11.24"]
[EventType "team-tourn"]
[EventRounds "14"]
[EventCountry "ESP"]
[SourceVersionDate "2011.03.15"]
[WhiteTeam "Villalba 64"]
[BlackTeam "Collado Villalba"]
[WhiteTeamCountry "ESP"]
[BlackTeamCountry "ESP"]

1. e4 c5 2. Nf3 d6 3. d4 cxd4 4. Nxd4 Nf6 5. Nc3 a6 6. Be2 e5 7. Nb3 Be7 8. O-O O-O 9. Be3 Be6 10. Bf3 b5 11. a4 b4 12. Nd5 Nxd5 13. exd5 Bf5 14. a5 Nd7 15. Qd2 Qc7 16. Rfc1 Qb7 17. Ra4 Rab8 18. Be2 Nf6 19. Bc4 Bd7 20. Raa1 Rfc8 21. Qe2 Bb5 22. Nd2 Nxd5 23. b3 Nc3 24. Qg4 Bd7 25. Qh5 d5 26. Bf1 d4 27. Bg5 f6 28. Bh4 g6 29. Qf3 Qxf3 30. Nxf3 g5 31. Bg3 Bb5 32. Re1 Rb7 33. Nd2 Bxf1 34. Kxf1 Nb5 35. Nc4 Na3 36. Nxa3 bxa3 37. Re2 Rc3 38. Ra2 d3 39. cxd3 Rcxb3 40. Rec2 Rb2 41. Rc8+ Kf7 42. Ra1 Rb1+ 43. Rc1 Rxc1+ 44. Rxc1 a2 0-1

[Event "Madrid-chT 2425"]
[Site "Madrid"]
[Date "2025.01.25"]
[Round "7.6"]
[White "Centeno Mendoza, Julio Stefano"]
[Black "Rodriguez Sanchez, Juan Carlos"]
[Result "1/2-1/2"]
[WhiteElo "2156"]
[BlackElo "1755"]
[PlyCount "89"]
[GameId "2138243312018134"]
[EventDate "2024.11.24"]
[EventType "team-tourn"]
[EventRounds "14"]
[EventCountry "ESP"]
[SourceVersionDate "2011.03.15"]
[WhiteTeam "Collado Villalba"]
[BlackTeam "Villalba 64"]
[WhiteTeamCountry "ESP"]
[BlackTeamCountry "ESP"]

1. e4 c5 2. c3 d5 3. exd5 Qxd5 4. d4 Nc6 5. Nf3 Bg4 6. Be2 e6 7. h3 Bh5 8. Be3 cxd4 9. cxd4 Nf6 10. Nc3 Bb4 11. O-O Bxc3 12. bxc3 O-O 13. c4 Qd6 14. Rb1 Qe7 15. Ne5 Bxe2 16. Qxe2 Rac8 17. Nxc6 Rxc6 18. Bg5 Rfc8 19. Rfc1 h6 20. d5 R6c7 21. Bf4 exd5 22. Qxe7 Rxe7 23. cxd5 Rxc1+ 24. Rxc1 Nxd5 25. Bd2 Rc7 26. Rxc7 Nxc7 27. Kf1 Kf8 28. Ke2 Ke7 29. Kd3 Kd6 30. Ke4 Ke6 31. g4 Ne8 32. Be3 Nd6+ 33. Kd4 f5 34. f3 fxg4 35. hxg4 g5 36. f4 gxf4 37. Bxf4 Nf7 38. Kc5 Ne5 39. Bxh6 Nxg4 40. Bf4 Ne5 41. Kd4 Nc6+ 42. Kc5 Ne5 43. Kd4 Nc6+ 44. Kc5 Ne5 45. Kd4 1/2-1/2

[Event "Madrid-chT 2425"]
[Site "Madrid"]
[Date "2025.01.26"]
[Round "7.1"]
[White "Plazuelo Pascual, Juan"]
[Black "Martinez Reyes, Pedro Ramon"]
[Result "1-0"]
[WhiteElo "2435"]
[BlackElo "2360"]
[PlyCount "119"]
[GameId "2138930433376305"]
[EventDate "2024.11.24"]
[EventType "team-tourn"]
[EventRounds "14"]
[EventCountry "ESP"]
[SourceVersionDate "2011.03.15"]
[WhiteTeam "Alcorcon Diagonal"]
[BlackTeam "Blanco y Negro"]
[WhiteTeamCountry "ESP"]
[BlackTeamCountry "ESP"]

1. d4 d5 2. c4 c6 3. Nc3 Nf6 4. e3 Bf5 5. cxd5 cxd5 6. Qb3 Bc8 7. Nf3 Nc6 8. Ne5 e6 9. f4 Bd6 10. Bd3 h5 11. Bd2 Qb6 12. Qxb6 axb6 13. Rc1 Bd7 14. Ke2 Ke7 15. Be1 h4 16. Bf2 Be8 17. h3 Bxe5 18. fxe5 Nd7 19. g4 hxg3 20. Bxg3 f6 21. exf6+ gxf6 22. Rcg1 Bh5+ 23. Kf2 Rag8 24. Nb5 Bg6 25. Be2 Bh5 26. Bd6+ Kf7 27. Rxg8 Kxg8 28. Bd3 Kf7 29. Ba3 f5 30. Nd6+ Kf6 31. Nxb7 e5 32. Rc1 Ndb8 33. dxe5+ Nxe5 34. Bf1 Nbc6 35. Nd6 Bf3 36. Rxc6 Nxc6 37. Kxf3 Ne5+ 38. Kf2 Ng6 39. Bb4 Ke6 40. Nb5 f4 41. Nc7+ Kd7 42. Nxd5 fxe3+ 43. Kxe3 Kc6 44. Nc3 Re8+ 45. Kd4 Re1 46. Bg2+ Kd7 47. Be4 Nf4 48. Bf5+ Kc6 49. Be4+ Kd7 50. a3 Kd8 51. h4 Rg1 52. Nd5 Nh5 53. Nxb6 Rg4 54. Ke3 Rxh4 55. Nd5 Rh2 56. Bc3 Ng3 57. Bd3 Nh1 58. Bb5 Nf2 59. Bf6+ Kc8 60. Be2 1-0

[Event "Madrid-chT 2425"]
[Site "Madrid"]
[Date "2025.01.26"]
[Round "7.2"]
[White "Hidalgo Duque, Carlos"]
[Black "Horcajuelo Rocamora, Martin"]
[Result "1/2-1/2"]
[WhiteElo "2257"]
[BlackElo "2370"]
[PlyCount "67"]
[GameId "2138786643559486"]
[EventDate "2024.11.24"]
[EventType "team-tourn"]
[EventRounds "14"]
[EventCountry "ESP"]
[SourceVersionDate "2011.03.15"]
[WhiteTeam "Blanco y Negro"]
[BlackTeam "Alcorcon Diagonal"]
[WhiteTeamCountry "ESP"]
[BlackTeamCountry "ESP"]

1. Nf3 d5 2. d4 Nf6 3. c4 e6 4. g3 Be7 5. Bg2 Ne4 6. O-O f5 7. Nbd2 Nd7 8. Ne5 Nxe5 9. dxe5 c6 10. Qc2 Nxd2 11. Bxd2 h5 12. b4 Bd7 13. a4 Rc8 14. Rfd1 h4 15. g4 h3 16. Bf3 g6 17. Kh1 Kf7 18. Rg1 Qc7 19. Qc3 d4 20. Qxd4 c5 21. Qe3 cxb4 22. gxf5 gxf5 23. Bxb4 Bc6 24. Bxe7 Qxe7 25. Rg3 Bxf3+ 26. Qxf3 Rxc4 27. Rag1 Rh7 28. Rxh3 Rxh3 29. Qxh3 Rh4 30. Qf3 Qb4 31. Rc1 Kg6 32. Rg1+ Kf7 33. Rc1 Kg6 34. Rg1+ 1/2-1/2